| 000 | 00551cam4a220015700 4500 | ||
|---|---|---|---|
| 005 | 20190809113812.0 | ||
| 008 | 000809 | ||
| 020 | _a0959043306 | ||
| 035 | _a(Sirsi) a142956 | ||
| 050 | 0 |
_aVet SF351 _bSwa 1984 |
|
| 100 | 1 |
_aSwann,Philip _6A113233.1 |
|
| 245 | 1 | 0 |
_aRacehorse training and feeding : _bmodern and scientific conditioning methods / _cPhilip Swann |
| 260 |
_aDoreen,Vic _bRacehorse Sportsmedicine and Scientific Conditioning , _c1984. |
||
| 350 | _a25 | ||
| 650 | 0 |
_aHorse -- Training _xHorse -- Training _6S85885.1 |
|
| 999 |
_c1680 _d1680 |
||